[Event "40th Olympiad Open"]
[Site "Istanbul TUR"]
[Date "2012.08.29"]
[Round "2.30"]
[White "Neiksans,A"]
[Black "Agopov,M"]
[Result "1/2-1/2"]
[WhiteElo "2537"]
[BlackElo "2429"]

1.e4 c5 2.Nf3 d6 3.Bb5+ Bd7 4.Bxd7+ Qxd7 5.O-O Nc6 6.c3 Nf6 7.Qe2 e6 8.d4 cxd4
9.cxd4 d5 10.e5 Ne4 11.Be3 Be7 12.Ne1 f6 13.f3 Ng5 14.Nd3 fxe5 15.dxe5 O-O
16.Nd2 Rac8 17.Rac1 Nf7 18.f4 Nh6 19.Nf3 b6 20.h3 Nb4 21.Nxb4 Bxb4 22.g4 Bc5
23.Kh2 Nf7 24.a3 a5 25.Bd2 a4 26.Qd3 Rc6 27.Qb5 Rc7 28.Qxd7 Rxd7 29.Kg3 Re8
30.Bb4 Rc7 31.Rc3 Nd8 32.Nd4 Nb7 33.Nb5 Rd7 34.Rd3 Bxb4 35.axb4 Rc8 36.f5 Nd8
37.Nd4 Re7 38.Nxe6 Nxe6 39.fxe6 Rxe6 40.Rxd5 Rce8 41.Re1 Kf7 42.b5 g5 43.Re4 Ra8
44.Rd7+ Re7 45.e6+ Kf6 46.Rd6 a3 47.bxa3 Rxa3+ 48.Kg2 Ra2+ 49.Kf1 Ra3 50.Rxb6 Rxh3
51.Rc6 h5 52.gxh5 Rxh5 53.b6 Rh1+ 54.Ke2 Rb1 55.Kd3 Kf5 56.Re2 g4 57.Kd4 g3
58.Rc5+ Kf6 59.Rc3 Rxe6 60.Rxe6+ Kxe6 61.Rxg3 Kd7 62.Kc5 Kc8  1/2-1/2

[Event "40th Olympiad Open"]
[Site "Istanbul TUR"]
[Date "2012.08.29"]
[Round "2.63"]
[White "Baek,W"]
[Black "Jayasundara,P"]
[Result "1/2-1/2"]
[WhiteElo "1719"]
[BlackElo "2027"]

1.e4 c5 2.Nf3 d6 3.Bb5+ Bd7 4.Bxd7+ Qxd7 5.c4 Nc6 6.O-O g6 7.d4 cxd4 8.Nxd4 Nf6
9.f3 Bg7 10.Be3 O-O 11.Nc3 Rfd8 12.Rc1 e6 13.b3 Rac8 14.Qd2 d5 15.Nxc6 bxc6
16.cxd5 cxd5 17.exd5 exd5 18.Bd4 Ne4 19.Qe3 Bxd4 20.Qxd4 Nxc3 21.Rxc3 Rxc3
22.Qxc3 Rc8 23.Qd3 d4 24.Rd1 Rd8 25.Rd2 Qd6 26.Rc2 Qa3 27.Kf2 Qa5 28.Re2 Qh5
29.Kg1 Qc5 30.Kf2 Qc7 31.Kg1 Qc5  1/2-1/2

[Event "40th Olympiad Open"]
[Site "Istanbul TUR"]
[Date "2012.08.29"]
[Round "2.58"]
[White "Kirby,Pe"]
[Black "Vazquez Reyes,R"]
[Result "0-1"]
[WhiteElo "2007"]
[BlackElo "2251"]

1.e4 c5 2.Nf3 d6 3.Bb5+ Bd7 4.Bxd7+ Nxd7 5.O-O Ngf6 6.Qe2 e6 7.b3 Be7 8.c4 O-O
9.d4 cxd4 10.Nxd4 a6 11.Bb2 Qb6 12.Nc2 Rac8 13.Nc3 Rfd8 14.Rfd1 Qa5 15.Ne3 Nf8
16.Rac1 Ng6 17.g3 Rb8 18.a4 Qb4 19.Qc2 Rdc8 20.Na2 Qc5 21.Nc3 Nd7 22.Ra1 Qh5
23.Qe2 Qxe2 24.Nxe2 Nc5 25.Rab1 Nxe4 26.Ba3 b5 27.f3 Nc5 28.Bxc5 dxc5 29.axb5 axb5
30.Rd7 Bf6 31.cxb5 Ne5 32.Ra7 Nxf3+ 33.Kf2 Nd4 34.Nc4 Nxb5 35.Rd7 Rd8 36.Rxd8+ Rxd8
37.Ke3 Nc3 38.Nxc3 Bxc3 39.Rc1 Bd4+ 40.Ke4 f5+ 41.Kf3 Kf7 42.g4 Rb8 43.Rb1 g5
44.gxf5 exf5 45.h3 Kf6 46.Na5 h5 47.Nc4 h4 48.Na5 Ra8 49.b4 cxb4 50.Rxb4 Rxa5
51.Rxd4 Ra3+ 52.Kg2 Ke5 53.Rb4 Rg3+ 54.Kh2 Re3 55.Kg2 Re2+ 56.Kg1 Re4 57.Rb3 Kf4
58.Kg2 Re2+ 59.Kf1 Re3 60.Rb4+ Kg3 61.Rb5 Rf3+ 62.Kg1 Kxh3 63.Rb2 Kg3 64.Rg2+ Kf4
65.Ra2 g4 66.Ra4+ Kg5 67.Ra8 h3 68.Rh8 Rb3 69.Rg8+ Kf4 70.Kf2 g3+ 71.Kf1 Rb1+
72.Ke2 g2  0-1

[Event "Botvinnik Memorial 2012"]
[Site "St Petersburg RUS"]
[Date "2012.08.29"]
[Round "5.12"]
[White "Kalegin,E"]
[Black "Khismatullin,D"]
[Result "1/2-1/2"]
[WhiteElo "2480"]
[BlackElo "2636"]

1.e4 c5 2.Nf3 d6 3.Bb5+ Nd7 4.c3 Nf6 5.Qe2 a6 6.Ba4 b5 7.Bc2 Bb7 8.O-O e6
9.d4 Be7 10.Re1 Qc7 11.a4 O-O 12.axb5 axb5 13.Rxa8 Rxa8 14.Bd3 Bc6 15.Nbd2 c4
16.Bc2 e5 17.Nf1 Bf8 18.h3 g6 19.Ng3 Bg7 20.Bg5 h6 21.Be3 Re8 22.Qd2 Kh7
23.d5 Bb7 24.Nh2 Ra8 25.Ng4 h5 26.Nxf6+ Bxf6 27.Rf1 Kg8 28.Bh6 Kh7 29.Be3 Qd8
30.Ne2 Bc8 31.f4 exf4 32.Bxf4 Ne5 33.Nd4 Bd7 34.Qf2 Kg7 35.Nf3 Nxf3+ 36.Qxf3 Qe7
37.Bh6+ Kxh6 38.Qxf6 Qxf6 39.Rxf6 Ra1+ 40.Kh2 Rc1 41.Rxf7 Bxh3 42.Kxh3 Rxc2
43.Rf6 Rxb2 44.Rxd6 Re2 45.Rb6 Rxe4 46.Rxb5 Re3+ 47.Kh2 Kg7 48.Rb8 Rxc3 49.d6 Rd3
50.Rc8 Rxd6 51.Rxc4 Kf6 52.Rc5 Rd4 53.Kh3 g5 54.Ra5 Rd3+ 55.Kh2 h4 56.Ra6+ Kf5
57.Ra5+ Kf4 58.Ra4+ Ke5 59.Ra5+ Kf6 60.Ra6+ Kf5 61.Ra5+ Kg4 62.Ra4+ Kh5 63.Ra5 Re3
64.Rb5 Kg4 65.Rb4+ Kf5 66.Rb5+ Kf4 67.Rb4+ Re4 68.Rxe4+ Kxe4 69.g3 h3 70.Kxh3 Kf3
71.g4  1/2-1/2

[Event "Botvinnik Memorial 2012"]
[Site "St Petersburg RUS"]
[Date "2012.08.29"]
[Round "5.42"]
[White "Markevich,I"]
[Black "Tseitlin,Ma"]
[Result "1/2-1/2"]
[WhiteElo "2210"]
[BlackElo "2396"]

1.e4 c5 2.Nf3 d6 3.Bb5+ Bd7 4.Bxd7+ Nxd7 5.O-O Ngf6 6.Qe2 e6 7.b3 Be7 8.Bb2 O-O
9.d4 cxd4 10.Nxd4 Nc5 11.Nd2 g6 12.f4 d5 13.e5 Nfe4 14.N2f3 Rc8 15.c3 Qb6
16.Rac1 Qa6 17.c4 Rfd8 18.Ba1 Qb6 19.Kh1 a5 20.Rb1 dxc4 21.bxc4 Qa6 22.Rb5 Rd7
23.g4 b6 24.Kg1 Qb7 25.Re1 Rcd8 26.g5 h6 27.gxh6 Kh7 28.Reb1 Rb8 29.Qe3 Qc7
30.Kg2 Qb7 31.Kg1 Bf8 32.h4 Bxh6 33.Ng5+ Bxg5 34.hxg5 Kg8 35.Re1 Qc6 36.Re2 Kf8
37.Rh2 Ke7 38.Rb1 Qb7 39.Bb2 Rbd8 40.Rd1 Re8 41.Rb1 Red8 42.Rd1 Re8 43.Rb1  1/2-1/2

[Event "Botvinnik Memorial 2012"]
[Site "St Petersburg RUS"]
[Date "2012.08.29"]
[Round "5.24"]
[White "Tiviakov,S"]
[Black "Usmanov,V"]
[Result "1-0"]
[WhiteElo "2674"]
[BlackElo "2333"]

1.e4 c5 2.Nf3 d6 3.Bb5+ Bd7 4.Bxd7+ Qxd7 5.c4 Nf6 6.Nc3 g6 7.d4 cxd4 8.Nxd4 Bg7
9.f3 O-O 10.Be3 Rc8 11.b3 a6 12.a4 e6 13.Nde2 d5 14.cxd5 Nxd5 15.exd5 Rxc3
16.Nxc3 Bxc3+ 17.Kf2 Bxa1 18.Qxa1 exd5 19.Qf6 Qf5 20.Qd8+ Kg7 21.Bd4+ f6
22.g4 Qf4 23.Qe7+ Kg8 24.Bxf6 Qh6 25.Qxb7  1-0

[Event "8th Dieppe Open A 2012"]
[Site "Dieppe FRA"]
[Date "2012.08.30"]
[Round "6.1"]
[White "Guliyev,N"]
[Black "Kulaots,K"]
[Result "1/2-1/2"]
[WhiteElo "2537"]
[BlackElo "2558"]

1.e4 c5 2.Nf3 d6 3.Bb5+ Bd7 4.Bxd7+ Qxd7 5.c4 Nf6 6.Nc3 g6 7.d4 cxd4 8.Nxd4 Bg7
9.f3 O-O 10.Be3 Nc6 11.O-O a6 12.Rc1 e6 13.Qd2 Rfd8 14.Rfd1 Rab8 15.Qf2 Ne5
16.b3 b5 17.cxb5 axb5 18.Qe2 b4 19.Na4 Rdc8 20.Rxc8+ Qxc8 21.Rc1 Qb7 22.h3 h5
23.Rc2 Kh7 24.Rc1 Kg8 25.Rc2 Kh7  1/2-1/2

[Event "11th Istanbul Open A"]
[Site "Istanbul TUR"]
[Date "2012.08.30"]
[Round "1"]
[White "Duman,A"]
[Black "Erim,E"]
[Result "1-0"]
[WhiteElo "2217"]
[BlackElo "1816"]

1.e4 c5 2.Nf3 d6 3.Bb5+ Bd7 4.Bxd7+ Qxd7 5.O-O Nc6 6.c3 Nf6 7.Re1 e6 8.d4 cxd4
9.cxd4 Be7 10.Nc3 O-O 11.Bg5 h6 12.Bh4 d5 13.Ne5 Nxe5 14.dxe5 Nxe4 15.Rxe4 g5
16.Bg3 f5 17.exf6 Bxf6 18.Re1 Rac8 19.Qg4 Rc6 20.Rad1 Qf7 21.Qe2 Rfc8 22.Be5 a6
23.Bxf6 Qxf6 24.Qe5 Kf7 25.f4 gxf4 26.Qh5+ Kg7 27.Rf1 Qg5 28.Qxg5+ hxg5 29.h4 Kg6
30.hxg5 Kxg5 31.Rd4 Rf8 32.Ne2 Rc4 33.Nxf4  1-0

[Event "40th Olympiad Women"]
[Site "Istanbul TUR"]
[Date "2012.08.30"]
[Round "3.10"]
[White "Olsarova,K"]
[Black "Sandu,Mi"]
[Result "1/2-1/2"]
[WhiteElo "2267"]
[BlackElo "2246"]

1.e4 c5 2.Nf3 d6 3.Bb5+ Bd7 4.Bxd7+ Qxd7 5.c4 Nf6 6.Nc3 g6 7.d4 cxd4 8.Nxd4 Bg7
9.f3 O-O 10.Nde2 Nc6 11.O-O a6 12.a4 Qd8 13.Rb1 Qa5 14.Be3 Rac8 15.Qd2 Qb4
16.b3 Rfd8 17.Rfd1 e6 18.Bf4 Nh5 19.Bg5 Bf6 20.Be3 Bg7 21.Kh1 Nf6 22.Bf4 Ne5
23.Bxe5 dxe5 24.Qxd8+ Rxd8 25.Rxd8+ Bf8 26.Na2 Qb6 27.Rd3 Qf2 28.Nac3 h5
29.Rbd1 Kg7 30.R3d2 Bb4 31.Nc1 Qb6 32.Rd3 Bc5 33.N3e2 h4 34.Ng1 Bxg1 35.Rxg1 Nh5
36.Rd2 Nf4 37.Re1 h3 38.gxh3 Qb4 39.Red1 Qc3 40.Nd3 Qxb3 41.Nxe5 Qc3 42.Nd3 Nxd3
43.Rxd3 Qxc4 44.Ra3 Qe2 45.Rb1 b6 46.Kg1 Kh6 47.Rab3 Kg5 48.R1b2 Qd1+ 49.Kg2 Kf4
50.h4 e5 51.Ra3 a5 52.Rab3 f6 53.Ra3 f5 54.exf5 gxf5 55.Rbb3 Qe2+ 56.Kg1 e4
57.fxe4 fxe4 58.Rh3 Qe1+ 59.Kg2 Qe2+ 60.Kg1 Qd1+ 61.Kg2 Qd2+ 62.Kf1 Qd1+
63.Kg2 Qe2+ 64.Kg1 Qe1+ 65.Kg2 Qe2+  1/2-1/2

[Event "40th Olympiad Women"]
[Site "Istanbul TUR"]
[Date "2012.08.30"]
[Round "3.15"]
[White "Arribas Robaina,M"]
[Black "Dewi,A"]
[Result "1-0"]
[WhiteElo "2296"]
[BlackElo "2143"]

1.e4 c5 2.Nf3 d6 3.Bb5+ Bd7 4.Bxd7+ Qxd7 5.O-O Nf6 6.Qe2 Nc6 7.c3 e6 8.d4 cxd4
9.cxd4 d5 10.e5 Ne4 11.Nbd2 Nxd2 12.Bxd2 Be7 13.Rac1 O-O 14.Rc3 Rfc8 15.h4 Bb4
16.Rxc6 Qxc6 17.Bxb4 Qc4 18.Qxc4 Rxc4 19.Bc3 Kf8 20.Nd2 Rc6 21.Rb1 Ke7 22.Kf1 Kd7
23.Ke2 b6 24.Kd3 Kc7 25.h5 h6 26.Rh1 a5 27.Rh3 Kb7 28.Rg3 Rg8 29.Nf1 Ka6
30.Ne3 Rcc8 31.f4 g6 32.hxg6 Rxg6 33.Rh3 Rh8 34.Rh5 Kb7 35.g4 Rgg8 36.Be1 Rc8
37.Bh4 Rc1 38.Bf6 Rhc8 39.Rxh6 Rb1 40.Rh2 b5 41.f5 b4 42.Be7 exf5 43.gxf5 Rg8
44.Nxd5 Rg3+ 45.Kc4 f6 46.exf6 Kc6 47.Nxb4+ axb4 48.f7  1-0

[Event "40th Olympiad Women"]
[Site "Istanbul TUR"]
[Date "2012.08.30"]
[Round "3.47"]
[White "Arda,Cagil Irmak"]
[Black "Vilhete,V"]
[Result "0-1"]
[WhiteElo "1634"]
[BlackElo "1816"]

1.e4 c5 2.Nf3 d6 3.Bb5+ Bd7 4.Bxd7+ Nxd7 5.O-O Ngf6 6.Re1 e6 7.c4 Be7 8.d4 cxd4
9.Nxd4 a6 10.b3 O-O 11.Nc3 Nc5 12.Bb2 Rc8 13.f4 Qb6 14.Kh1 Rfd8 15.f5 Bf8
16.fxe6 fxe6 17.Rf1 Re8 18.Rxf6 gxf6 19.Qg4+ Bg7 20.Na4 Qc7 21.Nxc5 dxc5
22.Nxe6 Qd7 23.Bxf6 Rxe6 24.Bxg7 Rd6 25.Qxd7 Rxd7 26.Bf6 Rd2 27.e5 Kf7 28.h3 Rg8
29.g4 Rc8 30.Bg5 Re2 31.Bf6 Rc7 32.Rf1 Rd7 33.Bh4+ Ke6 34.Rf6+ Kxe5 35.Rf5+ Ke4
36.Rf2 Rxf2 37.Bxf2 Rd2 38.Bxc5 Rxa2 39.Bb6 Rb2 40.c5 Rxb3 41.Kg2 Ra3 42.h4 Kf4
43.g5 Kg4 44.Bd8 Ra2+ 45.Kf1 a5 46.Be7 a4 47.Ke1 Rh2 48.Kd1 Rxh4 49.Kc2 Rh3
50.Kd2 Kf5 51.Kc2 Ke4 52.Kd2 Kd5 53.Kc2 Re3 54.Bf8 Re4 55.Kb2 Rc4 56.Ka3 Rxc5
57.Kxa4 Rc1 58.Kb5 Rb1+ 59.Bb4 b6 60.Ka4 Kc4 61.Ba3 Ra1 62.g6 b5+ 63.Ka5 Rxa3+
64.Kb6 hxg6  0-1

[Event "40th Olympiad Open"]
[Site "Istanbul TUR"]
[Date "2012.08.30"]
[Round "3.32"]
[White "Labib,I"]
[Black "Lim,Z"]
[Result "1-0"]
[WhiteElo "2429"]
[BlackElo "2120"]

1.e4 c5 2.Nf3 d6 3.Bb5+ Bd7 4.c4 Nf6 5.Nc3 g6 6.d4 cxd4 7.Nxd4 Bg7 8.Be3 O-O
9.f3 a6 10.Bxd7 Qxd7 11.a4 Nc6 12.Nde2 e6 13.O-O Qc7 14.b3 Rfd8 15.Qd2 Nd7
16.Rab1 Nc5 17.Bg5 f6 18.Be3 Rac8 19.Rfd1 Bf8 20.b4 Nd7 21.f4 f5 22.Rdc1 Nf6
23.exf5 gxf5 24.a5 Qf7 25.Bb6 Re8 26.Ng3 h5 27.Qd3 Qg6 28.b5 Nb8 29.Bd4 e5
30.Nxf5 Kh8 31.fxe5 dxe5 32.Ba7 Nbd7 33.bxa6 bxa6 34.Nd5 Bc5+ 35.Bxc5 Nxc5
36.Qh3 Nxd5 37.cxd5 Rb8 38.Rb6 Rxb6 39.axb6 Ne4 40.Rc6 Qg5 41.Qe3 Qxf5 42.b7 Kg8
43.Qf3 Qh7 44.Rc8 Qxb7 45.Rxe8+ Kg7 46.Qf8+ Kg6 47.Re6+ Kg5 48.Rxe5+ Kg6
49.Qf5+ Kg7 50.Qxe4 Qb6+ 51.Kh1  1-0

[Event "40th Olympiad Open"]
[Site "Istanbul TUR"]
[Date "2012.08.30"]
[Round "3.5"]
[White "Bruzon Batista,L"]
[Black "Jones,G"]
[Result "1/2-1/2"]
[WhiteElo "2711"]
[BlackElo "2653"]

1.e4 c5 2.Nf3 d6 3.Bb5+ Bd7 4.Bxd7+ Qxd7 5.c4 Nf6 6.Nc3 g6 7.d4 cxd4 8.Nxd4 Bg7
9.f3 O-O 10.Be3 Nc6 11.O-O Rac8 12.b3 Qd8 13.Kh1 Qa5 14.Nde2 a6 15.a3 Nd7
16.Bd2 Qd8 17.Ra2 Nd4 18.Nxd4 Bxd4 19.Nd5 Bg7 20.Bg5 Re8 21.Re2 Nb6 22.Ne3 Nd7
23.f4 Qa5 24.Nd5 Nf6 25.Bxf6 Bxf6 26.b4 Qd8 27.e5 dxe5 28.Rd2 e6 29.Ne3 Qe7
30.Rd7 Red8 31.Nd5 Rxd7 32.Nxe7+ Rxe7 33.fxe5 Bxe5 34.c5 Bg7 35.Qd6 Bf8 36.g3 e5
37.Qd5 e4 38.Re1 e3 39.Qd3 Rce8 40.Re2 Re6 41.Kg2 h5 42.Qd5 b6 43.c6 Rc8
44.Qd3 Rcxc6  1/2-1/2

[Event "40th Olympiad Open"]
[Site "Istanbul TUR"]
[Date "2012.08.30"]
[Round "3.26"]
[White "Kindermann,S"]
[Black "Annaberdiev,M"]
[Result "0-1"]
[WhiteElo "2498"]
[BlackElo "2437"]

1.e4 c5 2.Nf3 d6 3.Bb5+ Nd7 4.c3 Nf6 5.Qe2 a6 6.Ba4 b5 7.Bc2 Bb7 8.O-O e5
9.a4 Be7 10.d4 O-O 11.Na3 d5 12.dxe5 Nxe4 13.axb5 axb5 14.Bf4 b4 15.Nb5 bxc3
16.Nxc3 f5 17.Rad1 Nb6 18.Qb5 d4 19.Na4 Ra6 20.e6 Qe8 21.Qxe8 Rxe8 22.Nxb6 Rxb6
23.Ne5 Rxb2 24.Ba4 Ra8 25.Bc6 Nc3 26.Rd2 Rb6 27.Bxb7 Rxb7 28.h4 Ra6  0-1

[Event "40th Olympiad Open"]
[Site "Istanbul TUR"]
[Date "2012.08.30"]
[Round "3.28"]
[White "Dgebuadze,A"]
[Black "Arias Santana,M"]
[Result "1-0"]
[WhiteElo "2556"]
[BlackElo "2326"]

1.e4 c5 2.Nf3 d6 3.Bb5+ Nc6 4.d4 cxd4 5.Qxd4 Bd7 6.Bxc6 Bxc6 7.Nc3 Nf6 8.Bg5 e6
9.O-O-O Be7 10.Qd3 O-O 11.h4 Rc8 12.Kb1 a6 13.Nd4 Qc7 14.Rhe1 b5 15.f3 b4
16.Nce2 Bb7 17.g4 Qc4 18.Qd2 a5 19.Ng3 Rc7 20.Nh5 Nxh5 21.gxh5 Bxg5 22.hxg5 d5
23.e5 a4 24.h6 a3 25.hxg7 Ra8 26.b3 Qc3 27.Qc1 Ba6 28.Re3 Qc5 29.Qd2 Kxg7
30.Qh2 Kg8 31.f4 Rac8 32.Rh3 Kf8 33.Qd2 Kg8 34.Rdh1 Kf8 35.Rxh7 Qc3 36.Qxc3 Rxc3
37.g6  1-0

[Event "40th Olympiad Open"]
[Site "Istanbul TUR"]
[Date "2012.08.30"]
[Round "3.36"]
[White "Jeitz,C"]
[Black "Banikas,H"]
[Result "0-1"]
[WhiteElo "2212"]
[BlackElo "2623"]

1.e4 c5 2.Nf3 d6 3.Bb5+ Nd7 4.d4 Nf6 5.Nc3 cxd4 6.Qxd4 e5 7.Qd3 h6 8.O-O Be7
9.Be3 O-O 10.a4 Qc7 11.Bxd7 Bxd7 12.Nb5 Qc6 13.Nxa7 Qxe4 14.Qxe4 Nxe4 15.Rfd1 Be6
16.h3 Rfd8 17.Nb5 Rdc8 18.Ne1 d5 19.Bb6 Rc6 20.a5 Bc5 21.Nc7 Bxf2+ 22.Bxf2 Rxc7
23.Bb6 Rcc8 24.Rac1 d4 25.Nd3 f6 26.Re1 Bf5 27.Nb4 Rc4 28.Nd5 Kf7 29.b3 Rc6
30.b4 Rac8 31.b5 Rd6 32.Nc7 Nc3 33.a6 bxa6 34.bxa6 Rxb6 35.a7 Rc6 36.a8=Q Rxa8
37.Nxa8 d3 38.cxd3 Ne2+ 39.Rxe2 Rxc1+ 40.Kf2 Bxd3 41.Rd2 e4 42.Nb6 Ke6 43.Ke3 f5
44.Rf2 g5 45.Kd4  0-1

[Event "37th Trade Fair Open A"]
[Site "Brno CZE"]
[Date "2012.08.31"]
[Round "7"]
[White "Mares,Jan"]
[Black "Musil,Jiri"]
[Result "0-1"]
[WhiteElo "1920"]
[BlackElo "2099"]

1.e4 c5 2.Nf3 d6 3.Bb5+ Bd7 4.Bxd7+ Qxd7 5.O-O Nc6 6.c3 Nf6 7.Qe2 e6 8.d4 cxd4
9.cxd4 d5 10.e5 Ne4 11.Nbd2 Nxd2 12.Bxd2 Be7 13.Rac1 O-O 14.a3 a6 15.Rc2 b5
16.Rfc1 Rfc8 17.Qd3 Na7 18.Ng5 Bxg5 19.Bxg5 Rxc2 20.Rxc2 Rc8 21.Bd2 Rxc2
22.Qxc2 Qc6 23.Qc5 Qxc5 24.dxc5 Nc6 25.f4 a5 26.b4 axb4 27.axb4 f6 28.Bc3 fxe5
29.fxe5 Kf7 30.h3 Kg6 31.g4 Kg5 32.Bd2+ Kh4 33.Kg2 d4 34.Be1+ Kg5 35.Bd2+ Kg6
36.Kf3 Nxe5+ 37.Ke4 Nc6 38.Bf4 Nxb4 39.Kxd4 Nc6+ 40.Ke4 Kf6 41.h4 Ke7 42.Bc1 Kd7
43.Bb2 g6 44.Kf4 Kc7 45.h5 gxh5 46.gxh5 Kb7 47.h6 b4 48.Kg5 e5 49.Bc1 b3
50.Kf5 Ka6 51.Ke4 Kb5 52.Ba3 Kc4 53.Kf5 Kd3 54.Kf6 e4 55.Kg7 e3 56.Kxh7 e2
57.Kg8 e1=Q 58.h7 Qg3+ 59.Kf7 Qf4+ 60.Kg7 Qg5+ 61.Kf7 Qh6  0-1

[Event "11th Istanbul Open A"]
[Site "Istanbul TUR"]
[Date "2012.08.31"]
[Round "2"]
[White "Dzhumadullayev,K"]
[Black "Cannesar,Rad"]
[Result "1-0"]
[WhiteElo "2254"]
[BlackElo "1754"]

1.e4 c5 2.Nf3 d6 3.Bb5+ Bd7 4.Bxd7+ Nxd7 5.d4 cxd4 6.Qxd4 Qb6 7.Qxb6 Nxb6
8.b3 Nf6 9.Nbd2 g6 10.Bb2 Bg7 11.c4 Nbd7 12.O-O-O O-O 13.Rhe1 Ng4 14.Bxg7 Kxg7
15.Re2 Nde5 16.Nxe5 Nxe5 17.Nb1 g5 18.Nc3 f6 19.Nd5 Kf7 20.f3 h5 21.f4 gxf4
22.Nxf4 h4 23.Nd3 Nxd3+ 24.Rxd3 Rg8 25.Kd2 Rg4 26.Ke3 Rag8 27.Rdd2 Ke6 28.Kf3 Kf7
29.Rd5 R4g5 30.Red2 b6 31.Rf5 a6 32.Rxg5 Rxg5 33.Rd5 Kg6 34.a3 Rxd5 35.cxd5 Kg5
36.g3 hxg3 37.Kxg3 f5 38.h4+ Kf6 39.Kf4  1-0

[Event "40th Olympiad Open"]
[Site "Istanbul TUR"]
[Date "2012.08.31"]
[Round "4.15"]
[White "Eid,Fa"]
[Black "Topalov,V"]
[Result "0-1"]
[WhiteElo "2377"]
[BlackElo "2752"]

1.e4 c5 2.Nf3 d6 3.Bb5+ Nc6 4.Bxc6+ bxc6 5.O-O Bg4 6.h3 Bh5 7.Re1 e5 8.c3 Nf6
9.d4 cxd4 10.cxd4 Nd7 11.dxe5 dxe5 12.Be3 f6 13.Nbd2 Nb6 14.Rc1 Rc8 15.Nc4 Bb4
16.Rf1 Qxd1 17.Rfxd1 Nxc4 18.Rxc4 a5 19.Rdc1 Kd7 20.a3 Bd6 21.Rd1 Bf7 22.Rc3 Kc7
23.Bb6+ Kxb6 24.Rxd6 a4 25.Rcd3 Rc7 26.Nh4 Rb8 27.Rd2 Kc5 28.R6d3 Rb3 29.Rxb3 Bxb3
30.Nf5 Be6 31.Ne3 Rd7 32.Rc2+ Kb5 33.Kf1 Bb3  0-1

[Event "40th Olympiad Women"]
[Site "Istanbul TUR"]
[Date "2012.08.31"]
[Round "4.15"]
[White "Thorsteinsdottir,H"]
[Black "Gara,T"]
[Result "0-1"]
[WhiteElo "1957"]
[BlackElo "2385"]

1.e4 c5 2.Nf3 d6 3.Bb5+ Nc6 4.c3 Nf6 5.Qe2 Bd7 6.d4 cxd4 7.cxd4 a6 8.Bd3 Bg4
9.Be3 Nb4 10.Nc3 Nxd3+ 11.Qxd3 Bxf3 12.gxf3 g6 13.Ke2 Bg7 14.Rag1 Rc8 15.f4 O-O
16.f5 Qb6 17.Qd2 d5 18.e5 Ne4 19.Nxe4 dxe4 20.fxg6 Qb5+ 21.Ke1 fxg6 22.Rg4 Rc7
23.f4 exf3 24.Kf2 Rfc8 25.Kg3 Rc2 26.Qe1 Re2  0-1

[Event "40th Olympiad Open"]
[Site "Istanbul TUR"]
[Date "2012.08.31"]
[Round "4.50"]
[White "Mensing,F"]
[Black "Boikanyo,C"]
[Result "1-0"]
[WhiteElo "2088"]
[BlackElo "2037"]

1.e4 c5 2.Nf3 d6 3.Bb5+ Nd7 4.c4 a6 5.Ba4 g6 6.Nc3 Bg7 7.O-O Nf6 8.d3 O-O
9.h3 Rb8 10.Be3 Qa5 11.Bd2 Qd8 12.Ne1 Ne5 13.f4 Nc6 14.Bxc6 bxc6 15.b3 a5
16.Nf3 Nd7 17.Qe1 a4 18.bxa4 Ra8 19.Rb1 Re8 20.Kh1 Rf8 21.Qd1 e6 22.Ne2 d5
23.a5 Ba6 24.Qc2 Qc7 25.Nc1 Nf6 26.e5 Nd7 27.Nb3 f6 28.Rbe1 fxe5 29.fxe5 Nxe5
30.Nxe5 Rxf1+ 31.Rxf1 Qxe5 32.Nxc5 Bc8 33.Qc1 dxc4 34.Qxc4 Qd5 35.Qb4 e5
36.Qb3 Bf5 37.Qb7 Rf8 38.a6 Qxc5 39.a7 Qa3 40.Bb4 Qxd3 41.Rf3 Qb1+ 42.Kh2 e4
43.Qxg7+ Kxg7 44.Bxf8+ Kxf8 45.a8=Q+ Ke7 46.Rb3 Qd1 47.Qxc6 Qd4 48.Rb7+ Bd7
49.Rxd7+ Qxd7 50.Qxd7+ Kxd7 51.Kg3 Kc6 52.Kf4 Kd5 53.Ke3 Ke5 54.a4 Kd5 55.a5 Kc5
56.Kxe4 Kb5 57.Ke5  1-0

[Event "40th Olympiad Open"]
[Site "Istanbul TUR"]
[Date "2012.08.31"]
[Round "4.27"]
[White "Thorhallsson,T"]
[Black "Dastan,B"]
[Result "1-0"]
[WhiteElo "2426"]
[BlackElo "2317"]

1.e4 c5 2.Nf3 d6 3.Bb5+ Nc6 4.c3 Bd7 5.O-O Nf6 6.Re1 a6 7.Ba4 b5 8.Bb3 e5
9.d4 Be7 10.Nbd2 O-O 11.h3 Qc7 12.Nf1 cxd4 13.cxd4 Na5 14.Bc2 Rac8 15.Bd3 Qb8
16.b3 Rfe8 17.Bb2 Bf8 18.Qd2 Nc6 19.Rad1 Rcd8 20.Bb1 Bc8 21.a3 Bb7 22.Ng3 h6
23.b4 Qa8 24.d5 Ne7 25.Nh4 Nd7 26.Rf1 g6 27.f4 Qa7+ 28.Kh1 Bg7 29.Nf3 Nc8
30.h4 Re7 31.h5 Kh7 32.Nh4 Bf6 33.Nf3 Qb6 34.Nh2 Bh4 35.Ne2 exf4 36.Bd4 Qc7
37.Qxf4 Bg5 38.Qxf7+ Rxf7 39.Rxf7+ Kg8 40.Rg7+ Kf8 41.Rf1+ Ke8 42.e5 Ne7
43.Rg8+ Nxg8 44.Bxg6+ Ke7 45.Rf7+ Ke8 46.Rh7+ Kf8 47.exd6 Qc1+ 48.Nxc1 Ngf6
49.Rh8+ Ng8 50.Ne2 Bxd5 51.Nc3 Be6 52.Ne4 Bf4 53.Rh7 Ne5 54.Nf3 Nxg6 55.hxg6 Bc1
56.Rc7 Rc8 57.d7  1-0

[Event "Botvinnik Memorial 2012"]
[Site "St Petersburg RUS"]
[Date "2012.08.31"]
[Round "7.68"]
[White "Yakupova,A"]
[Black "Rjanova,V"]
[Result "1/2-1/2"]
[WhiteElo "2116"]
[BlackElo "2208"]

1.e4 c5 2.Nf3 d6 3.Bb5+ Bd7 4.Bxd7+ Qxd7 5.O-O Nc6 6.d4 cxd4 7.Nxd4 Nf6 8.Re1 g6
9.Nc3 Bg7 10.Nf3 O-O 11.Bg5 h6 12.Bh4 Rac8 13.Nd5 Nh5 14.c3 g5 15.Bg3 Nxg3
16.hxg3 b5 17.Qd2 Rfd8 18.Ne3 e6 19.Rac1 Qb7 20.Qe2 Na5 21.Nc2 Nc6 22.Ncd4 a6
23.a3 Qb6 24.Nxc6 Rxc6 25.Qe3 Qxe3 26.Rxe3 Kf8 27.Rd1 Ke7 28.g4 a5 29.a4 Rb6
30.Nd2 Rc8 31.Kf1 Rc4 32.Ke2 Rb8 33.Kf3 Rh8 34.Rh1 Rd8 35.Rd1 Be5 36.g3 Kf6
37.Rd3 Rh8 38.Rh1 Kg6 39.Rh2 Rd8 40.Rh1 Rc7 41.Kg2 Rc4 42.Kf3 Rc7  1/2-1/2

[Event "Botvinnik Memorial 2012"]
[Site "St Petersburg RUS"]
[Date "2012.08.31"]
[Round "7.84"]
[White "Boytsov,Alexander"]
[Black "Kuzmin,E"]
[Result "0-1"]
[WhiteElo "1920"]
[BlackElo "2134"]

1.e4 c5 2.Nf3 d6 3.Bb5+ Bd7 4.Bxd7+ Nxd7 5.O-O Ngf6 6.Re1 Rc8 7.b3 g6 8.Bb2 Bg7
9.c3 c4 10.bxc4 Rxc4 11.d3 Rc8 12.d4 d5 13.exd5 Nxd5 14.Qb3 N7b6 15.Nbd2 O-O
16.Rac1 Nf4 17.c4 Qd7 18.Nf1 Rfd8 19.c5 Nbd5 20.Ne3 Qc6 21.Rcd1 b6 22.Rc1 bxc5
23.Rxc5 Qa8 24.Nxd5 Nxd5 25.Rxc8 Rxc8 26.Qd1 e6 27.Qd2 Qb7 28.Ne5 Nb6 29.Qe2  0-1

[Event "40th Olympiad Open"]
[Site "Istanbul TUR"]
[Date "2012.09.01"]
[Round "5.36"]
[White "Schartz,A"]
[Black "Emiroglu,C"]
[Result "1/2-1/2"]
[WhiteElo "2158"]
[BlackElo "2299"]

1.e4 c5 2.Nf3 d6 3.Bb5+ Bd7 4.Bxd7+ Qxd7 5.c4 e5 6.d3 Nc6 7.Nc3 g6 8.Nd5 Bg7
9.O-O Nge7 10.Bh6 O-O 11.Nxe7+ Qxe7 12.Bxg7 Kxg7 13.Nd2 Nd4 14.g3 f5 15.Kg2 f4
16.f3 Qg5 17.Nb3 Ne6 18.Qd2 h5 19.Nc1 Rf7 20.Ne2 Raf8 21.Ng1 Qd8 22.Rf2 g5
23.Raf1 Kg8 24.Ne2 Qf6 25.Kh1 Qh6 26.gxf4 Nxf4 27.Nxf4 Rxf4 28.Rg1 R8f7 29.Rfg2 Rg7
30.Qd1 Kh7 31.Rg3 Qf6 32.Kg2 Rf7 33.Rf1 Kh6 34.h3 b6 35.Qe2 Qh8 36.Qd1 Qf8
37.Qe2 Qc8 38.b3 Qa6 39.a4 h4 40.Rg4 Qa5 41.Qb2 Qb4 42.Qc2 a6 43.Qb2 R7f6  1/2-1/2

[Event "40th Olympiad Open"]
[Site "Istanbul TUR"]
[Date "2012.09.01"]
[Round "5.09"]
[White "Golizadeh,A"]
[Black "Li Chao2"]
[Result "0-1"]
[WhiteElo "2472"]
[BlackElo "2665"]

1.e4 c5 2.Nf3 d6 3.Bb5+ Bd7 4.Bxd7+ Qxd7 5.O-O Nf6 6.Qe2 Nc6 7.Rd1 Rc8 8.d4 cxd4
9.Nxd4 g6 10.c4 Bg7 11.Nf3 O-O 12.Nc3 Qe6 13.Bd2 Nd7 14.Rac1 Nc5 15.Ng5 Nd4
16.Qf1 Qd7 17.Be3 Nde6 18.Qe2 b6 19.Nd5 Nd8 20.Bd4 Bxd4 21.Rxd4 Nde6 22.Nxe6 fxe6
23.b4 Na6 24.c5 Nxc5 25.bxc5 exd5 26.Rxd5 Rxc5 27.Rcxc5 bxc5 28.Qc4 e6 29.Rd1 Qe7
30.h4 Rb8 31.Qd3 Rd8 32.h5 gxh5 33.Qc4 h4 34.Rd3 Kh8 35.Qc3+ Qg7 36.e5 d5
37.Qxc5 Rg8 38.g3 Qxe5 39.Re3 Qf6 40.Qxa7 e5 41.Qc7 e4 42.a4 Rf8 43.Qc2 h3
44.Ra3 d4 45.Qe2 d3 46.Qe3 h2+  0-1

[Event "40th Olympiad Open"]
[Site "Istanbul TUR"]
[Date "2012.09.01"]
[Round "5.63"]
[White "Kirby,Pe"]
[Black "Fekadu,D"]
[Result "1/2-1/2"]
[WhiteElo "2007"]
[BlackElo "2149"]

1.e4 c5 2.Nf3 d6 3.Bb5+ Bd7 4.Bxd7+ Nxd7 5.O-O Ngf6 6.Qe2 g6 7.b3 Bg7 8.Bb2 O-O
9.c4 Re8 10.d4 cxd4 11.Nxd4 Rc8 12.Nc3 a6 13.Rac1 e6 14.Kh1 Nh5 15.Qd2 Nc5
16.Rfd1 Qa5 17.Rc2 Red8 18.Nde2 b5 19.cxb5 axb5 20.f3 b4 21.Na4 Nxa4 22.Rxc8 Rxc8
23.Bxg7 Kxg7 24.bxa4 Qxa4 25.Qxd6 Qxa2 26.Qd4+ Kg8 27.Rd2 Qc4 28.g4 Qxd4
29.Rxd4 Rc2 30.Rxb4 Rxe2 31.gxh5 Kg7 32.Kg1 gxh5 33.Rb5 Kg6 34.h4 h6 35.Rb6 Rc2
36.Ra6 Kf6 37.Ra5 Kg6 38.Ra6 Rc5 39.Kf2 Kf6 40.Ra7 Rc2+ 41.Kg3 Rc6 42.Ra5 e5
43.Ra7 Re6 44.Rb7 Kg7 45.Ra7 Rg6+ 46.Kf2 Re6 47.Kg3 Kg6 48.Ra8 f5 49.exf5+ Kxf5
50.Ra4 Rg6+ 51.Kf2 Rd6 52.Kg3  1/2-1/2

[Event "Botvinnik Memorial 2012"]
[Site "St Petersburg RUS"]
[Date "2012.09.01"]
[Round "8.85"]
[White "Fedoseeva,V"]
[Black "Akkozov,B"]
[Result "0-1"]
[WhiteElo "1957"]
[BlackElo "2401"]

1.e4 c5 2.Nf3 d6 3.Bb5+ Bd7 4.Qe2 Nc6 5.O-O a6 6.Bxc6 Bxc6 7.Re1 e6 8.d4 cxd4
9.Nxd4 Bd7 10.c4 Be7 11.b3 Bf6 12.Bb2 Ne7 13.Nf3 Ng6 14.Qd2 Bc6 15.Bxf6 Qxf6
16.Nc3 O-O 17.Rad1 Rfd8 18.Nd4 Be8 19.Nf3 b5 20.Qd4 Qe7 21.Qb6 d5 22.exd5 Qa3
23.dxe6 Rxd1 24.Rxd1 Qe7 25.Re1 bxc4 26.bxc4 fxe6 27.Rxe6 Qd8 28.c5 Bf7 29.Rd6 Qxb6
30.cxb6  0-1